| 000 | 00345nam a2200133Ia 4500 | ||
|---|---|---|---|
| 005 | 20260328101514.0 | ||
| 008 | 260328s9999||||xx |||||||||||||| ||und|| | ||
| 100 | _aMayer H., Jürgen | ||
| 245 | 0 |
_aArium : _b Weather + Architecture / _cJürgen Mayer H. |
|
| 260 | _bHatje Cantz | ||
| 300 | _a311 p. | ||
| 650 | _aARQUITECTURA Y CLIMA | ||
| 942 | _cBK | ||
| 999 |
_c9315 _d9315 |
||